| 000 | 00732nam a2200217 a 4500 | ||
|---|---|---|---|
| 001 | 000027682 | ||
| 005 | 20240412074253.0 | ||
| 008 | 110404s1981 dr 000 p spa d | ||
| 040 |
_aDO-SdBNP _bspa _cBNPHU |
||
| 082 |
_aRD861.44 _bU15a |
||
| 100 | 1 |
_aUbiñas Renville, Juana Guaroa, _d1944- _954764 |
|
| 245 | 1 | 0 |
_aAzuetano : _bpoemas y cuentos / _cJuana Guaroa Ubiñas Renville. |
| 260 |
_aSanto Domingo : _bLibros, _c1981. |
||
| 300 |
_a69 P. ; _c21 cm. |
||
| 500 | _aIncluye datos biográficos del autor en la contracubierta | ||
| 590 | _aInventariado, 2019/LP | ||
| 650 | 0 |
_aPoesía dominicana _966 |
|
| 650 | 0 |
_aCuentos dominicanos _9176 |
|
| 650 | 0 |
_aLiteratura dominicana. _967 |
|
| 910 | _aValidado. Control de calidad MFF | ||
| 999 |
_c27174 _d27174 |
||